[Event "World Blitz Final"]
[Site "Astana KAZ"]
[Date "2012.07.09"]
[Round "4"]
[White "Svidler, P."]
[Black "Jumabayev, R."]
[Result "1/2-1/2"]
[WhiteElo "2749"]
[BlackElo "2525"]
[PlyCount "108"]
[EventDate "2012.07.01"]

1. e4 e5 2. Nf3 Nc6 3. Bb5 Nf6 4. d3 Bc5 5. c3 O-O 6. O-O d6 7. Nbd2 a6 8. Bxc6
bxc6 9. Re1 Re8 10. Nf1 h6 11. Ng3 a5 12. d4 exd4 13. cxd4 Bb6 14. h3 c5 15. d5
Nh7 16. Be3 Bd7 17. Rc1 a4 18. e5 Ba5 19. Bd2 Bxd2 20. Qxd2 Ng5 21. Nxg5 Qxg5
22. Qc3 Rab8 23. b3 axb3 24. axb3 Rxe5 25. Rxe5 Qxe5 26. Qxe5 dxe5 27. Ne4 Bf5
28. Nxc5 Rd8 29. g4 Bc8 30. Ne4 Rxd5 31. Rxc7 Be6 32. Nc5 Rd1+ 33. Kh2 Bd5 34.
b4 Rh1+ 35. Kg3 Rg1+ 36. Kh4 Kh7 37. Nd7 Be6 38. Nf8+ Kg8 39. Nxe6 fxe6 40. b5
Rb1 41. Rc5 e4 42. Kg3 Rb4 43. Kf4 Kf7 44. Ke5 Rb2 45. Kxe4 Rxf2 46. b6 Rb2 47.
Rc6 Ke7 48. Ke5 Rb5+ 49. Kd4 Kd7 50. Rc7+ Kd6 51. Rxg7 Rxb6 52. Rg6 h5 53. gxh5
Rb5 54. h6 Rh5 1/2-1/2

[Event "World Blitz Final"]
[Site "Astana KAZ"]
[Date "2012.07.09"]
[Round "4"]
[White "Bologan, V."]
[Black "Andreikin, D."]
[Result "1-0"]
[WhiteElo "2732"]
[BlackElo "2700"]
[PlyCount "83"]
[EventDate "2012.07.01"]

1. e4 e5 2. Nf3 Nc6 3. Bc4 Bc5 4. O-O Nf6 5. d3 O-O 6. Bb3 d6 7. c3 Bb6 8. h3
Ne7 9. Re1 Ng6 10. Nbd2 Nh5 11. Nc4 Nhf4 12. Nxb6 axb6 13. Kh2 Kh8 14. d4 Qf6
15. Bc4 h6 16. Bf1 Ne6 17. Be3 Rd8 18. d5 Nc5 19. Nd2 Nf4 20. Qc2 Qg6 21. b4
Nd7 22. c4 Nf6 23. a4 Qh5 24. f3 Qg6 25. Qc3 Bd7 26. a5 bxa5 27. Rxa5 b6 28.
Rxa8 Rxa8 29. Ra1 Rc8 30. c5 bxc5 31. bxc5 N6h5 32. Bf2 Qg5 33. c6 Be8 34. Ra7
f5 35. Qa5 Ng6 36. Qc3 Nh4 37. Qe3 f4 38. Qe1 Ng3 39. Bxg3 fxg3+ 40. Qxg3 Qxd2
41. Qxh4 Qe3 42. Qg4 1-0

[Event "World Blitz Final"]
[Site "Astana KAZ"]
[Date "2012.07.09"]
[Round "4"]
[White "Chadaev, N."]
[Black "Gelfand, B."]
[Result "1/2-1/2"]
[WhiteElo "2580"]
[BlackElo "2738"]
[PlyCount "97"]
[EventDate "2012.07.01"]

1. e4 c5 2. Nf3 d6 3. c3 Nf6 4. Be2 g6 5. O-O Bg7 6. Bb5+ Nc6 7. d4 O-O 8. d5
Nb8 9. Re1 Bg4 10. Nbd2 Nbd7 11. h3 Bxf3 12. Nxf3 a6 13. Bf1 b5 14. Bf4 Qb6 15.
Qd2 Rfe8 16. Rad1 c4 17. Nd4 Nc5 18. Qc2 e5 19. dxe6 fxe6 20. e5 Nh5 21. Bh2
dxe5 22. Bxe5 Bxe5 23. Rxe5 Nf4 24. Nf3 Ncd3 25. Re3 e5 26. Ng5 Rf8 27. Ne4
Rad8 28. Kh2 Rf7 29. b3 Rdf8 30. bxc4 bxc4 31. Rb1 Qc6 32. f3 Rb7 33. Rxb7 Qxb7
34. Nd6 Qc7 35. Nxc4 e4 36. Rxe4 Ne2+ 37. f4 Ndxf4 38. Ne5 Qxc3 39. Qxc3 Nxc3
40. Bc4+ Kg7 41. Re3 Ncd5 42. Ra3 Re8 43. Bxd5 Nxd5 44. Nf3 Re6 45. Nd4 Rb6 46.
Ra5 Nc3 47. Nb3 Nxa2 48. Rxa2 Rxb3 49. Rxa6 1/2-1/2

[Event "World Blitz Final"]
[Site "Astana KAZ"]
[Date "2012.07.09"]
[Round "4"]
[White "Topalov, V."]
[Black "Karjakin, Sergey"]
[Result "0-1"]
[WhiteElo "2752"]
[BlackElo "2779"]
[PlyCount "54"]
[EventDate "2012.07.01"]

1. e4 e5 2. Nf3 Nc6 3. Bb5 a6 4. Ba4 Nf6 5. O-O Be7 6. Re1 b5 7. Bb3 O-O 8. h3
Bb7 9. d3 d5 10. exd5 Nxd5 11. Nbd2 f6 12. a3 Kh8 13. Ba2 Nf4 14. Ne4 Ng6 15.
Be3 Nd4 16. Bxd4 exd4 17. h4 f5 18. Neg5 Nxh4 19. Ne6 Nxf3+ 20. gxf3 Qd6 21.
Nxf8 Rxf8 22. Kf1 Bg5 23. Re6 Qf4 24. Qe2 Bxf3 25. Qe5 Qh4 26. Qg3 Qh1+ 27. Qg1
Qh5 0-1

[Event "World Blitz Final"]
[Site "Astana KAZ"]
[Date "2012.07.09"]
[Round "4"]
[White "Le Quang Liem"]
[Black "Kotsur, P."]
[Result "1-0"]
[WhiteElo "2693"]
[BlackElo "2548"]
[PlyCount "85"]
[EventDate "2012.07.01"]

1. d4 Nf6 2. c4 d6 3. Nf3 Bg4 4. e3 Nbd7 5. h3 Bh5 6. Nc3 e5 7. g4 Bg6 8. Bg2
c6 9. Nh4 Nb6 10. Qe2 Nfd7 11. Nxg6 hxg6 12. Bd2 Be7 13. O-O-O Qc7 14. Kb1
O-O-O 15. d5 c5 16. Nb5 Qb8 17. Ba5 a6 18. Nc3 Rde8 19. Ne4 f5 20. Ng3 Ref8 21.
Qc2 f4 22. Ne4 Na8 23. g5 b6 24. Bd2 f3 25. Bf1 Rh4 26. Rg1 Nc7 27. Rg3 b5 28.
Ba5 Nb6 29. Bxb6 Qxb6 30. Nd2 bxc4 31. Nxc4 Qb4 32. a3 Qb8 33. Qxg6 Ne8 34. Na5
Qc7 35. Bxa6+ Kb8 36. Nc6+ Ka8 37. Qd3 Qb6 38. e4 Nc7 39. Bc4 Rff4 40. Re1 Bf8
41. Re3 g6 42. Qc2 Kb7 43. Rb3 1-0

[Event "World Blitz Final"]
[Site "Astana KAZ"]
[Date "2012.07.09"]
[Round "4"]
[White "Grischuk, A."]
[Black "Radjabov, T."]
[Result "1-0"]
[WhiteElo "2763"]
[BlackElo "2788"]
[PlyCount "105"]
[EventDate "2012.07.01"]

1. e4 c5 2. Nf3 Nc6 3. Bb5 g6 4. Bxc6 dxc6 5. d3 Bg7 6. h3 Nf6 7. Nc3 O-O 8.
Bf4 Nh5 9. Be3 b6 10. g4 Nf6 11. Qd2 e5 12. Bh6 Qd6 13. Qe3 Ne8 14. Ne2 f6 15.
Nd2 Ba6 16. b3 Nc7 17. Bxg7 Kxg7 18. f4 Ne6 19. f5 Nd4 20. Nxd4 exd4 21. Qf2 b5
22. Qh2 Qe7 23. a4 bxa4 24. Rxa4 Bb5 25. Ra5 Qd8 26. Ra1 a5 27. O-O Qe7 28.
Rae1 Kh8 29. e5 gxf5 30. Rxf5 a4 31. bxa4 Bxa4 32. Qf2 fxe5 33. Rexe5 Rxf5 34.
Qxf5 Qf8 35. Qxf8+ Rxf8 36. Rxc5 Bb5 37. Kg2 Re8 38. Kf2 Kg7 39. Nf3 Rd8 40.
Ng5 Kg6 41. h4 Rf8+ 42. Kg3 Re8 43. h5+ Kg7 44. Nf3 Rd8 45. g5 Rd6 46. Kf4 Rd8
47. Ke4 Re8+ 48. Kxd4 Rf8 49. Ke4 Re8+ 50. Re5 Rf8 51. Re7+ Kg8 52. Ne5 Ba4 53.
h6 1-0

[Event "World Blitz Final"]
[Site "Astana KAZ"]
[Date "2012.07.09"]
[Round "5"]
[White "Radjabov, T."]
[Black "Morozevich, A."]
[Result "1/2-1/2"]
[WhiteElo "2788"]
[BlackElo "2770"]
[PlyCount "65"]
[EventDate "2012.07.01"]

1. d4 d5 2. c4 e6 3. Nf3 a6 4. cxd5 exd5 5. Nc3 c6 6. Qc2 Bd6 7. Bg5 Ne7 8. e3
f6 9. Bh4 Bf5 10. Bd3 Bxd3 11. Qxd3 O-O 12. O-O Nd7 13. Rfe1 f5 14. a3 Qe8 15.
Ne2 Nf6 16. Bg3 Ne4 17. Bxd6 Nxd6 18. Nf4 Ng6 19. b3 Rf6 20. Nxg6 Qxg6 21. Ne5
Qh5 22. Qe2 Qxe2 23. Rxe2 f4 24. Rc1 Re8 25. a4 fxe3 26. fxe3 Nf7 27. Nd3 Rfe6
28. Rce1 a5 29. h3 Nd6 30. Ne5 Nf7 31. Nd3 Nd6 32. Ne5 Nf7 33. Nd3 1/2-1/2

[Event "World Blitz Final"]
[Site "Astana KAZ"]
[Date "2012.07.09"]
[Round "5"]
[White "Kotsur, P."]
[Black "Grischuk, A."]
[Result "1/2-1/2"]
[WhiteElo "2548"]
[BlackElo "2763"]
[PlyCount "76"]
[EventDate "2012.07.01"]

1. d4 Nf6 2. Nf3 g6 3. Nbd2 c5 4. dxc5 Qa5 5. a3 Qxc5 6. b4 Qc7 7. Bb2 Bg7 8.
e3 O-O 9. c4 b6 10. Be2 Bb7 11. O-O d6 12. Nd4 Nbd7 13. Bf3 Ne5 14. Bxb7 Qxb7
15. Qb3 Rac8 16. Rac1 a6 17. h3 Rc7 18. Rc2 Rfc8 19. Rfc1 Nfd7 20. N4f3 Nxf3+
21. Nxf3 Bxb2 22. Qxb2 Qe4 23. Qd4 Qe6 24. Qh4 Qf6 25. Qd4 b5 26. Qd3 bxc4 27.
Rxc4 Rxc4 28. Rxc4 Rxc4 29. Qxc4 Qa1+ 30. Kh2 Qxa3 31. Qc7 Nf8 32. Qxe7 Qxb4
33. Ng5 Qc4 34. Ne4 Qe6 35. Nf6+ Kg7 36. Ne8+ Kg8 37. Nf6+ Kg7 38. Ne8+ Kg8
1/2-1/2

[Event "World Blitz Final"]
[Site "Astana KAZ"]
[Date "2012.07.09"]
[Round "5"]
[White "Gelfand, B."]
[Black "Topalov, V."]
[Result "1/2-1/2"]
[WhiteElo "2738"]
[BlackElo "2752"]
[PlyCount "133"]
[EventDate "2012.07.01"]

1. c4 e5 2. Nc3 Nf6 3. Nf3 Nc6 4. a3 d5 5. cxd5 Nxd5 6. Qc2 Be7 7. e3 Nxc3 8.
bxc3 O-O 9. d4 Bd6 10. Bb5 Qf6 11. Bb2 Bf5 12. Qe2 Be4 13. Bd3 Bxd3 14. Qxd3
Rfe8 15. Qc2 Qg6 16. Qxg6 hxg6 17. Ke2 b6 18. Nd2 Na5 19. a4 Rad8 20. h4 Bf8
21. h5 gxh5 22. Rxh5 exd4 23. cxd4 g6 24. Rh4 Bg7 25. Re4 c5 26. Rxe8+ Rxe8 27.
Kd3 Rd8 28. Nf3 Nc6 29. Bc3 cxd4 30. Nxd4 Ne5+ 31. Ke2 Rc8 32. Rc1 Rc4 33. f4
Nd7 34. a5 bxa5 35. Kd3 Rc8 36. Ra1 a4 37. Bb4 Nb6 38. Ba5 Nc4 39. Bb4 a5 40.
Bc3 Nxe3 41. Rxa4 Nf5 42. Rxa5 Rxc3+ 43. Kxc3 Nxd4 44. Kd3 Nf5 45. g4 Nh6 46.
Ra8+ Kh7 47. g5 Nf5 48. Ke4 Bc3 49. Kf3 Kg7 50. Rc8 Bb4 51. Rb8 Bd6 52. Rd8 Bc5
53. Rc8 Bb6 54. Rb8 Bc7 55. Rc8 Nd4+ 56. Kg4 Bd6 57. Rd8 Nf5 58. Ra8 f6 59.
Ra7+ Be7 60. gxf6+ Kxf6 61. Ra6+ Bd6 62. Rb6 Kf7 63. Ra6 Be7 64. Ra7 Ke6 65.
Ra6+ Nd6 66. Rb6 Kf7 67. Rxd6 1/2-1/2

[Event "World Blitz Final"]
[Site "Astana KAZ"]
[Date "2012.07.09"]
[Round "5"]
[White "Andreikin, D."]
[Black "Chadaev, N."]
[Result "1/2-1/2"]
[WhiteElo "2700"]
[BlackElo "2580"]
[PlyCount "134"]
[EventDate "2012.07.01"]

1. c4 e5 2. Nc3 Nf6 3. g3 Bb4 4. Bg2 Bxc3 5. bxc3 O-O 6. d3 Re8 7. e4 c6 8. Bg5
h6 9. Bxf6 Qxf6 10. Ne2 d6 11. O-O Nd7 12. f4 Qe7 13. Qd2 b5 14. cxb5 cxb5 15.
g4 exf4 16. Nxf4 Bb7 17. Nh5 Qg5 18. Qf2 Re7 19. Qg3 Qe5 20. Qh4 Qg5 21. Qg3
Qe5 22. d4 Qxg3 23. Nxg3 g6 24. a4 bxa4 25. Rxa4 Nb6 26. Ra3 Nc4 27. Ra2 Ne3
28. Rf6 Nxg2 29. Kxg2 Bxe4+ 30. Nxe4 Rxe4 31. Rxd6 Rc8 32. Rc2 Rxg4+ 33. Kf3
Rg5 34. c4 Rf5+ 35. Kg2 a5 36. c5 a4 37. c6 Kf8 38. d5 a3 39. Rd7 Re5 40. Ra2
Re7 41. Rxe7 Kxe7 42. Rxa3 Kd6 43. Ra5 f5 44. Kf3 Re8 45. Ra6 Kxd5 46. c7 Rc8
47. Rxg6 Rxc7 48. Kf4 Rc4+ 49. Kxf5 Rh4 50. Rg2 Kd6 51. Re2 Rh3 52. Kg4 Ra3 53.
h4 Ra5 54. Kf4 Rb5 55. Re8 Ra5 56. Kg4 Rb5 57. h5 Rg5+ 58. Kh4 Ra5 59. Rh8 Ke7
60. Rxh6 Kf7 61. Rg6 Rb5 62. Rg1 Rb6 63. Rg2 Ra6 64. Rb2 Kg7 65. Rb7+ Kh6 66.
Rb4 Rc6 67. Rf4 Rd6 1/2-1/2

[Event "World Blitz Final"]
[Site "Astana KAZ"]
[Date "2012.07.09"]
[Round "5"]
[White "Jumabayev, R."]
[Black "Bologan, V."]
[Result "1-0"]
[WhiteElo "2525"]
[BlackElo "2732"]
[PlyCount "127"]
[EventDate "2012.07.01"]

1. Nf3 c5 2. c4 Nc6 3. d4 cxd4 4. Nxd4 e6 5. Nc3 Bc5 6. Nb3 Be7 7. e4 Nf6 8.
Be3 O-O 9. f3 d5 10. exd5 exd5 11. cxd5 Nb4 12. Bc4 Bf5 13. Nd4 Bg6 14. O-O Rc8
15. Qb3 a6 16. Rfd1 b5 17. Bf1 Nbxd5 18. Nxd5 Qxd5 19. Qxd5 Nxd5 20. Bf2 Nb4
21. a4 bxa4 22. Rxa4 Rfd8 23. Re1 Bc5 24. Nf5 Bxf2+ 25. Kxf2 Rc2+ 26. Kg3 Rxb2
27. Ne7+ Kf8 28. Nxg6+ hxg6 29. Re4 Nd5 30. Rxa6 Nf6 31. Rea4 Nh5+ 32. Kh3 g5
33. g3 g6 34. Ra2 Rb3 35. Kg2 Ng7 36. Ra7 Rc3 37. Rb7 Nf5 38. Kf2 Rdc8 39. Rbb2
Nd4 40. Bg2 Re8 41. Rd2 Nf5 42. Bh3 Ne3 43. Ra4 Kg7 44. Rad4 Re7 45. R4d3 Rxd3
46. Rxd3 Nc4 47. Rc3 Ne5 48. Bf1 Ra7 49. Rc2 Ra3 50. Be2 Kf6 51. Rb2 Ke7 52.
Rb7+ Kd6 53. f4 gxf4 54. gxf4 Nd7 55. Bb5 Rb3 56. Rxd7+ Ke6 57. Bc4+ Kxd7 58.
Bxb3 Ke7 59. Kf3 Kf6 60. Kg4 Kg7 61. h4 f6 62. h5 g5 63. f5 Kh6 64. Bd1 1-0

[Event "World Blitz Final"]
[Site "Astana KAZ"]
[Date "2012.07.09"]
[Round "5"]
[White "Mamedyarov, S."]
[Black "Svidler, P."]
[Result "1/2-1/2"]
[WhiteElo "2726"]
[BlackElo "2749"]
[PlyCount "59"]
[EventDate "2012.07.01"]

1. d4 Nf6 2. Nc3 d5 3. Bg5 c6 4. e3 Nbd7 5. Nf3 g6 6. Bd3 Bg7 7. O-O O-O 8. Re1
Re8 9. e4 dxe4 10. Nxe4 Nxe4 11. Bxe4 Nf6 12. Bd3 Bg4 13. c3 Qd5 14. Bxf6 Bxf3
15. Qxf3 Qxf3 16. gxf3 Bxf6 17. a4 a5 18. f4 e6 19. Kg2 Kg7 20. Rad1 Red8 21.
Bc4 Rd6 22. Kf3 Rad8 23. Rb1 R6d7 24. Re2 Be7 25. Rd1 Kf8 26. Rd3 c5 27. Red2
cxd4 28. Rxd4 Rxd4 29. Rxd4 Rxd4 30. cxd4 1/2-1/2

[Event "World Blitz Final"]
[Site "Astana KAZ"]
[Date "2012.07.09"]
[Round "6"]
[White "Morozevich, A."]
[Black "Ivanchuk, V."]
[Result "0-1"]
[WhiteElo "2770"]
[BlackElo "2769"]
[PlyCount "64"]
[EventDate "2012.07.01"]

1. d4 d5 2. c4 dxc4 3. e4 Nf6 4. e5 Nd5 5. Bxc4 Nb6 6. Bd3 Nc6 7. Ne2 Bg4 8. f3
Be6 9. Nbc3 Qd7 10. Ne4 Bd5 11. Nc5 Qc8 12. Be3 e6 13. Nf4 Nb4 14. Be2 Bc4 15.
Bxc4 Nxc4 16. Qa4+ c6 17. Qxb4 Nxe3 18. Kf2 Nc2 19. Qc3 Nxa1 20. Rxa1 Be7 21.
Ne4 Qc7 22. Nh5 O-O-O 23. b4 Rd7 24. Nc5 Bxc5 25. bxc5 Qd8 26. Rd1 Qh4+ 27. Ng3
Rhd8 28. Ke3 f5 29. Ne2 Qxh2 30. Qb3 Rd5 31. Nf4 Qh6 32. g3 g5 0-1

[Event "World Blitz Final"]
[Site "Astana KAZ"]
[Date "2012.07.09"]
[Round "6"]
[White "Svidler, P."]
[Black "Carlsen, M."]
[Result "1/2-1/2"]
[WhiteElo "2749"]
[BlackElo "2837"]
[PlyCount "67"]
[EventDate "2012.07.01"]

1. c4 e5 2. g3 f5 3. d4 e4 4. Nc3 Nf6 5. Bg2 c6 6. d5 Bb4 7. Bd2 Na6 8. Nh3 O-O
9. O-O cxd5 10. Nxd5 Nxd5 11. cxd5 Bxd2 12. Qxd2 d6 13. f3 exf3 14. exf3 Bd7
15. Ng5 Qb6+ 16. Rf2 Rae8 17. f4 Nc5 18. Qd4 h6 19. Ne6 Nxe6 20. Qxb6 axb6 21.
dxe6 Bc6 22. Re1 Rf6 23. Rfe2 Kf8 24. Re3 Ke7 25. Rb3 b5 26. Bf1 Rxe6 27. Rxe6+
Kxe6 28. Bxb5 Kd5 29. Kf2 Kd4 30. Be2 Be4 31. Rb4+ Kc5 32. Rb5+ Kd4 33. Rb4+
Kc5 34. Rb5+ 1/2-1/2

[Event "World Blitz Final"]
[Site "Astana KAZ"]
[Date "2012.07.09"]
[Round "6"]
[White "Bologan, V."]
[Black "Mamedyarov, S."]
[Result "0-1"]
[WhiteElo "2732"]
[BlackElo "2726"]
[PlyCount "76"]
[EventDate "2012.07.01"]

1. e4 e5 2. Nf3 Nc6 3. Bc4 Bc5 4. O-O Nf6 5. d3 d6 6. c3 O-O 7. h3 a6 8. Bb3
Ba7 9. Re1 h6 10. Nbd2 Re8 11. Nf1 Be6 12. Ng3 Qd7 13. a4 Rad8 14. a5 d5 15.
exd5 Bxd5 16. Ba4 Bxf3 17. Qxf3 Qxd3 18. Bxc6 bxc6 19. Be3 e4 20. Qf5 Bxe3 21.
Rxe3 Qc2 22. Re2 Rd2 23. Rxd2 Qxd2 24. Qc5 Qxb2 25. Re1 Qb5 26. Qxb5 cxb5 27.
Rd1 g6 28. Ne2 Kg7 29. Nd4 e3 30. fxe3 Rxe3 31. Rc1 c5 32. Nc6 c4 33. Nb4 Re6
34. Kf2 Ne4+ 35. Kf3 Nc5 36. Rd1 Nb3 37. Rd7 Nxa5 38. Ra7 Nc6 0-1

[Event "World Blitz Final"]
[Site "Astana KAZ"]
[Date "2012.07.09"]
[Round "6"]
[White "Chadaev, N."]
[Black "Jumabayev, R."]
[Result "1-0"]
[WhiteElo "2580"]
[BlackElo "2525"]
[PlyCount "91"]
[EventDate "2012.07.01"]

1. e4 e5 2. Nf3 Nc6 3. Nc3 Nf6 4. d4 exd4 5. Nxd4 Bb4 6. Nxc6 bxc6 7. Bd3 d5 8.
exd5 cxd5 9. O-O O-O 10. h3 c6 11. Qf3 h6 12. Ne2 Bd6 13. Ng3 Re8 14. Nf5 Bxf5
15. Qxf5 Rb8 16. b3 Be5 17. Rb1 Qd6 18. Be3 c5 19. Rbd1 g6 20. Qf3 Kg7 21. c4
d4 22. Bd2 Nd7 23. Rfe1 Re6 24. Qd5 Qxd5 25. cxd5 Rd6 26. Bc4 g5 27. g3 Bf6 28.
Ba5 Ne5 29. Bc7 Nf3+ 30. Kf1 Rbd8 31. Bxd6 Rxd6 32. Re8 Ne5 33. f4 gxf4 34.
gxf4 Ng6 35. Kf2 Bh4+ 36. Kf3 Rf6 37. Re4 Bg5 38. Rg1 Kf8 39. Rg4 Rf5 40. d6
Bf6 41. d7 Be7 42. h4 h5 43. Rg5 Nxh4+ 44. Kg3 Bxg5 45. fxg5 Rxg5+ 46. Kxh4 1-0

[Event "World Blitz Final"]
[Site "Astana KAZ"]
[Date "2012.07.09"]
[Round "6"]
[White "Topalov, V."]
[Black "Andreikin, D."]
[Result "1/2-1/2"]
[WhiteElo "2752"]
[BlackElo "2700"]
[PlyCount "99"]
[EventDate "2012.07.01"]

1. Nf3 c5 2. g3 g6 3. Bg2 Bg7 4. O-O Nc6 5. c3 Nf6 6. d3 d5 7. Bf4 O-O 8. Ne5
Bd7 9. Qb3 Nxe5 10. Bxe5 Bc6 11. Nd2 Qd7 12. Qa3 b6 13. b4 cxb4 14. cxb4 Rfc8
15. Rfc1 Ne8 16. Nf3 f6 17. Bb2 e5 18. h4 Nd6 19. Qb3 Bb7 20. a4 Rxc1+ 21. Rxc1
Rc8 22. Rxc8+ Nxc8 23. b5 Bf8 24. Nd2 Qf7 25. Nf1 Bc5 26. e3 Bf8 27. Nd2 Nd6
28. Ba3 Ne8 29. Bxf8 Kxf8 30. a5 Nc7 31. axb6 axb6 32. Qa3+ Kg7 33. Qd6 Nxb5
34. Qxb6 Nc3 35. Nb3 e4 36. Nc5 exd3 37. Nxd3 Ne4 38. Nf4 g5 39. Ne6+ Kh6 40.
Nd8 Qd7 41. hxg5+ Kxg5 42. Nxb7 Qf5 43. Bxe4 Qxe4 44. Qd4 Qb1+ 45. Kg2 Qxb7 46.
Qc5 Kg6 47. Qd4 Qc6 48. Kh2 Qe6 49. Kg1 h5 50. Qf4 1/2-1/2

[Event "World Blitz Final"]
[Site "Astana KAZ"]
[Date "2012.07.09"]
[Round "6"]
[White "Le Quang Liem"]
[Black "Gelfand, B."]
[Result "1-0"]
[WhiteElo "2693"]
[BlackElo "2738"]
[PlyCount "140"]
[EventDate "2012.07.01"]

1. d4 d5 2. c4 c6 3. Nf3 Nf6 4. Qb3 dxc4 5. Qxc4 Bg4 6. Nbd2 Nbd7 7. g3 e6 8.
Bg2 Be7 9. O-O O-O 10. Ne5 Bh5 11. Nxd7 Qxd7 12. Nb3 Rfd8 13. e4 a5 14. a4 b5
15. Qc2 Bg6 16. Be3 Nd5 17. Rfc1 Nb4 18. Qe2 bxa4 19. Nc5 Qc7 20. Nxa4 Qb7 21.
h4 Qb5 22. Nc3 Qxe2 23. Nxe2 h6 24. Ra3 Rdc8 25. Nf4 Bh7 26. Ra4 Rcb8 27. h5
Bg5 28. Rc3 Rb5 29. f3 Bd8 30. Bf1 Rb7 31. Kf2 Bf6 32. Rc4 e5 33. dxe5 Bxe5 34.
b3 Bc7 35. Rc1 Rd8 36. Raa1 Ra8 37. Bc4 Be5 38. Ra4 Rd7 39. Be2 Rb7 40. Rc5 Bc7
41. Ra1 Bb6 42. Rcc1 Bc7 43. Bc4 Be5 44. Ra4 Bc7 45. Ne2 Rd8 46. Nf4 Ra8 47.
Rd1 Be5 48. Rd2 Bf6 49. Ne2 Be7 50. Ra1 Kf8 51. Bd4 Bg5 52. Nf4 Be7 53. Bc3
Bc5+ 54. Kg2 Be7 55. Rad1 a4 56. bxa4 Rxa4 57. Rd7 Raa7 58. Rxb7 Rxb7 59. Ra1
Rb8 60. Ra7 c5 61. Bxg7+ Kxg7 62. Rxe7 Bg8 63. Rc7 Nc2 64. Rxc5 Rb2 65. Kh3 Nd4
66. Kg4 Rf2 67. Nd3 Rxf3 68. Rc7 Re3 69. Nc5 Kf6 70. Bd5 Ra3 1-0

[Event "World Blitz Final"]
[Site "Astana KAZ"]
[Date "2012.07.09"]
[Round "6"]
[White "Grischuk, A."]
[Black "Karjakin, Sergey"]
[Result "1/2-1/2"]
[WhiteElo "2763"]
[BlackElo "2779"]
[PlyCount "33"]
[EventDate "2012.07.01"]

1. e4 e5 2. Nf3 Nc6 3. Bb5 Nf6 4. O-O Nxe4 5. d4 Nd6 6. Bxc6 dxc6 7. dxe5 Nf5
8. Qxd8+ Kxd8 9. Nc3 Be6 10. Rd1+ Ke8 11. Ng5 Bc8 12. h3 Be7 13. Nf3 h5 14. Ne2
Be6 15. Nf4 Bc8 16. Ne2 Be6 17. Nf4 1/2-1/2

[Event "World Blitz Final"]
[Site "Astana KAZ"]
[Date "2012.07.09"]
[Round "6"]
[White "Radjabov, T."]
[Black "Kotsur, P."]
[Result "1-0"]
[WhiteElo "2788"]
[BlackElo "2548"]
[PlyCount "61"]
[EventDate "2012.07.01"]

1. Nf3 c5 2. g3 Nc6 3. Bg2 g6 4. c4 Bg7 5. Nc3 e5 6. a3 d6 7. Rb1 a5 8. O-O
Nge7 9. Ne1 Be6 10. Nd5 Rb8 11. d3 O-O 12. Nc2 b5 13. Nce3 b4 14. b3 Qd7 15.
axb4 Nxb4 16. Nxe7+ Qxe7 17. Bd2 Qd7 18. Ra1 e4 19. dxe4 Bxa1 20. Qxa1 Nc6 21.
f4 Nd4 22. f5 Nxb3 23. Qd1 Nxd2 24. Qxd2 Rb4 25. Ng4 f6 26. Qc3 gxf5 27. exf5
Qg7 28. fxe6 Qxg4 29. e7 Re8 30. Bd5+ Kg7 31. Qxf6# 1-0

[Event "World Blitz Final"]
[Site "Astana KAZ"]
[Date "2012.07.09"]
[Round "7"]
[White "Kotsur, P."]
[Black "Morozevich, A."]
[Result "1-0"]
[WhiteElo "2548"]
[BlackElo "2770"]
[PlyCount "61"]
[EventDate "2012.07.01"]

1. c4 c6 2. e4 d5 3. exd5 cxd5 4. d4 Nf6 5. Nc3 e6 6. Nf3 Bb4 7. Bd3 dxc4 8.
Bxc4 O-O 9. O-O h6 10. Qd3 b6 11. a3 Bxc3 12. bxc3 Bb7 13. Re1 Nbd7 14. Ba2 Rc8
15. Bb2 Qc7 16. Rac1 Qf4 17. c4 Bxf3 18. gxf3 Rfd8 19. Qe3 Qh4 20. Kh1 Nh5 21.
Rg1 Ndf6 22. Rcd1 b5 23. c5 Nd5 24. Qe4 Qf6 25. Bb1 g6 26. Qg4 Nhf4 27. Rde1 h5
28. Qg3 Kg7 29. Re5 Rh8 30. h4 Kf8 31. Bc1 1-0

[Event "World Blitz Final"]
[Site "Astana KAZ"]
[Date "2012.07.09"]
[Round "7"]
[White "Karjakin, Sergey"]
[Black "Radjabov, T."]
[Result "1/2-1/2"]
[WhiteElo "2779"]
[BlackElo "2788"]
[PlyCount "59"]
[EventDate "2012.07.01"]

1. e4 c5 2. Nf3 Nc6 3. d4 cxd4 4. Nxd4 e5 5. Nb5 d6 6. N1c3 a6 7. Na3 Be7 8.
Nc4 b5 9. Ne3 Nf6 10. g3 O-O 11. Bg2 b4 12. Ncd5 Nxd5 13. Nxd5 Bg5 14. Bxg5
Qxg5 15. O-O Rb8 16. Qd3 a5 17. a3 Be6 18. axb4 Nxb4 19. Nxb4 Rxb4 20. Rxa5
Rxb2 21. Qxd6 Rxc2 22. Rxe5 Qd2 23. Qxd2 Rxd2 24. Rc5 Rb8 25. Rcc1 g6 26. Rfd1
Ra2 27. Rb1 Rc8 28. Ra1 Rb2 29. Rac1 Ra8 30. Rb1 1/2-1/2

[Event "World Blitz Final"]
[Site "Astana KAZ"]
[Date "2012.07.09"]
[Round "7"]
[White "Gelfand, B."]
[Black "Grischuk, A."]
[Result "1/2-1/2"]
[WhiteElo "2738"]
[BlackElo "2763"]
[PlyCount "67"]
[EventDate "2012.07.01"]

1. d4 Nf6 2. c4 e6 3. Nf3 b6 4. g3 Bb4+ 5. Bd2 Bxd2+ 6. Qxd2 Ba6 7. b3 c6 8.
Bg2 d5 9. O-O O-O 10. Rc1 Nbd7 11. a4 Qe7 12. a5 Rfd8 13. Qb2 c5 14. Nbd2 Bb7
15. cxd5 Bxd5 16. Nc4 h6 17. axb6 axb6 18. Rxa8 Rxa8 19. Nfe5 Bxg2 20. Kxg2 b5
21. Nc6 Qf8 22. N4e5 Nxe5 23. Nxe5 cxd4 24. Qxd4 Nd5 25. e4 Qb4 26. Qxb4 Nxb4
27. Rc7 f6 28. Ng6 Nd3 29. h4 h5 30. Rc3 Kf7 31. Rxd3 Kxg6 32. Rd6 Ra3 33. Rxe6
Rxb3 34. Rb6 1/2-1/2

[Event "World Blitz Final"]
[Site "Astana KAZ"]
[Date "2012.07.09"]
[Round "7"]
[White "Andreikin, D."]
[Black "Le Quang Liem"]
[Result "1-0"]
[WhiteElo "2700"]
[BlackElo "2693"]
[PlyCount "91"]
[EventDate "2012.07.01"]

1. c4 g6 2. e4 c5 3. Nf3 Bg7 4. d4 cxd4 5. Nxd4 Nc6 6. Be3 Nf6 7. Nc3 d6 8. Be2
O-O 9. O-O Bd7 10. Qd2 Nxd4 11. Bxd4 Bc6 12. f3 Nd7 13. Be3 a5 14. Kh1 Nc5 15.
Qc2 Qb6 16. Rab1 Rfc8 17. Rfc1 h5 18. b3 Qb4 19. Bd2 Qb6 20. Qd1 Ne6 21. Bf1
Qc5 22. Be1 Bh6 23. Rc2 Qd4 24. Qxd4 Nxd4 25. Rcb2 Ne6 26. Nd5 Bxd5 27. exd5
Nc5 28. a3 Bg7 29. Rc2 Bd4 30. g3 Rc7 31. Kg2 Nd7 32. Re2 Kf8 33. Bd2 a4 34. b4
Bg7 35. Re4 f5 36. Re6 Kf7 37. c5 dxc5 38. Bf4 Rcc8 39. Rbe1 Bf6 40. d6 Nf8 41.
Rxe7+ Bxe7 42. Rxe7+ Kf6 43. Be5+ Kg5 44. h4+ Kh6 45. Bg7+ Kh7 46. Bf6+ 1-0

[Event "World Blitz Final"]
[Site "Astana KAZ"]
[Date "2012.07.09"]
[Round "7"]
[White "Jumabayev, R."]
[Black "Topalov, V."]
[Result "1/2-1/2"]
[WhiteElo "2525"]
[BlackElo "2752"]
[PlyCount "80"]
[EventDate "2012.07.01"]

1. Nf3 c5 2. c4 g6 3. d4 Bg7 4. e4 d6 5. Nc3 Nc6 6. dxc5 dxc5 7. Qxd8+ Nxd8 8.
Nb5 Ne6 9. Ng5 Kf8 10. Nxe6+ Bxe6 11. Be3 Bxb2 12. Rb1 Bg7 13. Nc7 Bc3+ 14. Kd1
Rd8+ 15. Kc2 Bd4 16. Bxd4 Rxd4 17. Nxe6+ fxe6 18. Rxb7 Nf6 19. f3 Kf7 20. Be2
Rhd8 21. Rd1 Rxd1 22. Bxd1 Rd7 23. Rb8 Rc7 24. Kc3 Nd7 25. Rb2 e5 26. Ba4 Nb6
27. Bb5 e6 28. Rd2 Ke7 29. a4 a5 30. Rd1 Rc8 31. Rd2 Rd8 32. g3 Rxd2 33. Kxd2
g5 34. Ke3 Kf6 35. Ke2 Nc8 36. Ke3 Nd6 37. Ba6 h6 38. Bb5 Ke7 39. Ba6 Kf6 40.
Bb5 Ke7 1/2-1/2

[Event "World Blitz Final"]
[Site "Astana KAZ"]
[Date "2012.07.09"]
[Round "7"]
[White "Mamedyarov, S."]
[Black "Chadaev, N."]
[Result "0-1"]
[WhiteElo "2726"]
[BlackElo "2580"]
[PlyCount "78"]
[EventDate "2012.07.01"]

1. d4 d5 2. c4 c6 3. Nc3 Nf6 4. Nf3 dxc4 5. a4 Bf5 6. Ne5 Nbd7 7. Nxc4 Nb6 8.
Ne5 a5 9. g3 e6 10. Bg2 Bb4 11. O-O O-O 12. e3 h6 13. Qe2 Bh7 14. Rd1 Nbd7 15.
Nd3 Qb6 16. Bd2 Rfe8 17. Rac1 e5 18. dxe5 Nxe5 19. Nxe5 Rxe5 20. Be1 Rae8 21.
h3 Bf5 22. Kh2 Be6 23. Qc2 Rh5 24. Ne4 Nxe4 25. Qxe4 Bxe1 26. Rxe1 Rd5 27. Qc2
Rd7 28. Qc3 Red8 29. Re2 Rd3 30. Qe5 Rd2 31. Rxd2 Rxd2 32. Qb8+ Kh7 33. Rxc6
Qxb2 34. Be4+ f5 35. Rxe6 Rxf2+ 36. Kg1 fxe4 37. g4 Rg2+ 38. Kh1 Rc2 39. Rxh6+
gxh6 0-1